[Event "Toronto int."]
[Site "Toronto CAN"]
[Date "1997.05.18"]
[Round "4"]
[White "Ilic, Stanimir"]
[Black "Heringer, Chris"]
[Result "1-0"]
[WhiteElo "2329"]
[BlackElo "2230"]
[PlyCount "112"]
[GameId "2160767911966024"]
[EventDate "1997.05.16"]
[EventType "swiss"]
[EventRounds "7"]
[EventCountry "CAN"]

1. d4 c5 2. d5 e5 3. e4 d6 4. Nc3 Be7 5. Bd3 Bg5 6. a4 Bxc1 7. Qxc1 Nf6 8. Nf3 Nbd7 9. Nd2 O-O 10. O-O Qe7 11. Ne2 Re8 12. Bb5 a6 13. Bxd7 Bxd7 14. a5 Bb5 15. c4 Bd7 16. Ng3 Rab8 17. Ra3 b5 18. axb6 Rxb6 19. Qc3 Reb8 20. b3 Ne8 21. Rfa1 Nc7 22. Rf1 Qg5 23. Qd3 Re8 24. Re1 g6 25. Nf3 Qf4 26. h4 h5 27. Qe3 Qxe3 28. Rxe3 Kg7 29. Re1 Reb8 30. Nd2 Rb4 31. f3 Kh6 32. Kf2 f5 33. Ke2 f4 34. Nh1 Rg8 35. g3 fxg3 36. Nxg3 Rbb8 37. Rh1 Rgf8 38. Ke3 Rb4 39. Ne2 Rbb8 40. f4 exf4+ 41. Nxf4 Bg4 42. e5 dxe5 43. Nd3 Ne8 44. Nxc5 Nd6 45. Nce4 Nxe4 46. Kxe4 Rf2 47. Ke3 Re2+ 48. Kd3 e4+ 49. Nxe4 Re8 50. Nd6 R2e3+ 51. Kd4 R8e7 52. c5 Be2 53. Re1 Rd3+ 54. Kc4 Rd1+ 55. Rxe2 Rxe2 56. Rxa6 Rc2+ 1-0

[Event "Toronto int."]
[Site "Toronto CAN"]
[Date "1997.05.18"]
[Round "4"]
[White "Mihaljevic, Josip"]
[Black "Hua, Lefong"]
[Result "0-1"]
[WhiteElo "2370"]
[BlackElo "2276"]
[PlyCount "50"]
[GameId "2160767911966025"]
[EventDate "1997.05.16"]
[EventType "swiss"]
[EventRounds "7"]
[EventCountry "CAN"]

1. d4 Nf6 2. c4 g6 3. Nc3 Bg7 4. e4 d6 5. Nf3 O-O 6. Be2 Na6 7. O-O e5 8. Be3 exd4 9. Nxd4 c6 10. Nc2 Re8 11. f3 d5 12. cxd5 cxd5 13. Bb5 Bd7 14. Bxd7 Qxd7 15. exd5 Nb4 16. Nxb4 Rxe3 17. Nc2 Re5 18. f4 Ree8 19. Qf3 Rad8 20. Rad1 b5 21. Nb4 Ng4 22. Rd3 Qd6 23. Nc6 Qc5+ 24. Kh1 Re1 25. Ne4 Nf2+ 0-1

[Event "Toronto int."]
[Site "Toronto CAN"]
[Date "1997.05.18"]
[Round "4"]
[White "Nickoloff, Bryon"]
[Black "Vranesic, Zvonko"]
[Result "1/2-1/2"]
[WhiteElo "2475"]
[BlackElo "2348"]
[PlyCount "27"]
[GameId "2160767911966027"]
[EventDate "1997.05.16"]
[EventType "swiss"]
[EventRounds "7"]
[EventCountry "CAN"]

1. d4 d5 2. c4 e6 3. Nf3 Nf6 4. Nc3 Be7 5. Bf4 O-O 6. e3 Nbd7 7. Qc2 c5 8. cxd5 Nxd5 9. Nxd5 exd5 10. Bd3 Qa5+ 11. Nd2 h6 12. dxc5 Nxc5 13. O-O Be6 14. Nb3 1/2-1/2

[Event "Toronto int."]
[Site "Toronto CAN"]
[Date "1997.05.18"]
[Round "4"]
[White "Perovic, Bozidar"]
[Black "Kiviaho, Robert"]
[Result "0-1"]
[WhiteElo "1935"]
[BlackElo "2331"]
[PlyCount "88"]
[GameId "2160767911966028"]
[EventDate "1997.05.16"]
[EventType "swiss"]
[EventRounds "7"]
[EventCountry "CAN"]

1. f4 d5 2. e3 g6 3. Nf3 Bg7 4. d4 Nf6 5. c3 O-O 6. Bd3 Bf5 7. O-O c5 8. Bxf5 gxf5 9. Qe1 Nc6 10. Nbd2 Rc8 11. Ne5 Ne4 12. Rf3 b5 13. Rh3 Nxe5 14. fxe5 Rc6 15. Qf1 Qc8 16. Nxe4 fxe4 17. Qxb5 Kh8 18. Rg3 f6 19. e6 f5 20. Qe2 cxd4 21. exd4 Bxd4+ 22. Be3 Be5 23. Rh3 Qxe6 24. Rh6 Qxh6 25. Bxh6 Rxh6 26. h3 f4 27. Rf1 Bc7 28. Qd2 e6 29. Qd4+ Kg8 30. Qxa7 Be5 31. Qe7 Rg6 32. Kh1 Rf7 33. Qd8+ Kg7 34. Qh4 Rff6 35. a4 f3 36. g4 e3 37. Qe1 e2 38. Rf2 Bg3 39. a5 e5 40. b4 e4 41. Qg1 Bxf2 42. Qxf2 e3 43. Qxe3 Re6 44. Qd4+ Rgf6 0-1

[Event "Toronto int."]
[Site "Toronto CAN"]
[Date "1997.05.18"]
[Round "4"]
[White "Psakhis, Lev"]
[Black "Linskiy, Oleg"]
[Result "1/2-1/2"]
[WhiteElo "2610"]
[BlackElo "2415"]
[PlyCount "38"]
[GameId "2160767911966029"]
[EventDate "1997.05.16"]
[EventType "swiss"]
[EventRounds "7"]
[EventCountry "CAN"]

1. c4 e5 2. g3 Nc6 3. Nc3 g6 4. Rb1 a5 5. Bg2 Bg7 6. d3 d6 7. e3 Nge7 8. a3 Be6 9. Nd5 Nc8 10. Ne2 Qd7 11. Qa4 Ra6 12. Nec3 O-O 13. O-O f5 14. f4 Rf7 15. Bd2 Qd8 16. Qc2 Nb8 17. b4 c6 18. bxa5 Rxa5 19. Nb4 Rxa3 1/2-1/2

[Event "Toronto int."]
[Site "Toronto CAN"]
[Date "1997.05.18"]
[Round "4"]
[White "Ruiz, Richard"]
[Black "Ochkoos, Jura"]
[Result "0-1"]
[WhiteElo "2151"]
[BlackElo "2360"]
[PlyCount "104"]
[GameId "2160767911966030"]
[EventDate "1997.05.16"]
[EventType "swiss"]
[EventRounds "7"]
[EventCountry "CAN"]

1. Nf3 d5 2. d4 c6 3. g3 Bg4 4. Bg2 e6 5. O-O Nd7 6. b3 f5 7. c4 Ngf6 8. Ba3 Bxa3 9. Nxa3 O-O 10. Nc2 Qe8 11. h3 Bh5 12. Nb4 Ne4 13. Nd3 g5 14. Rc1 Ndf6 15. Nfe5 Qe7 16. Kh2 Kh8 17. f3 Nd6 18. c5 Nb5 19. e3 Rg8 20. a4 Nc7 21. g4 Bg6 22. f4 Ne4 23. Nxg6+ hxg6 24. Ne5 Kg7 25. Rc2 Rh8 26. Qf3 Rh4 27. fxg5 Qxg5 28. Qf4 Qe7 29. Nf3 Rh7 30. Qe5+ Kf7 31. Ne1 Rah8 32. gxf5 gxf5 33. Nd3 Ne8 34. Nf4 N8f6 35. Kg1 Rg8 36. Rf3 Ng5 37. Rf1 Nxh3+ 38. Nxh3 Rxh3 39. Rcf2 Rhg3 40. b4 R3g4 41. Rb2 Re4 42. Qh2 Rxe3 43. b5 Reg3 44. bxc6 bxc6 45. Rfb1 f4 46. Kf1 f3 47. Bh3 Rg1+ 48. Qxg1 Rxg1+ 49. Kxg1 Kg6 50. Rb7 Qd8 51. Kf2 Ne4+ 52. Kxf3 Qf6+ 0-1

[Event "Toronto int."]
[Site "Toronto CAN"]
[Date "1997.05.18"]
[Round "4"]
[White "Saleh, Maher"]
[Black "Teodoro, Eduardo"]
[Result "0-1"]
[WhiteElo "2368"]
[BlackElo "2440"]
[PlyCount "80"]
[GameId "2160767911966031"]
[EventDate "1997.05.16"]
[EventType "swiss"]
[EventRounds "7"]
[EventCountry "CAN"]

1. Nf3 g6 2. g3 Bg7 3. d4 f5 4. Bg2 Nf6 5. b3 c5 6. Bb2 cxd4 7. Bxd4 Nc6 8. Bb2 d6 9. O-O O-O 10. c4 e5 11. Nc3 h6 12. Qd2 e4 13. Nd4 d5 14. Nxc6 bxc6 15. cxd5 Nxd5 16. Rfd1 Be6 17. Rac1 Nxc3 18. Bxc3 Qxd2 19. Rxd2 Bd5 20. e3 g5 21. Bxg7 Kxg7 22. Rd4 Kf6 23. Rc5 Ke6 24. Ra5 h5 25. Bf1 Rf7 26. Be2 h4 27. g4 Ke5 28. Bc4 Rd8 29. gxf5 Rdd7 30. Rc5 Rxf5 31. Rxc6 Bxc6 32. Rxd7 Bxd7 33. b4 Be6 34. Bxe6 Kxe6 35. a4 Rd5 36. Kg2 a5 37. b5 Rc5 38. f3 exf3+ 39. Kxf3 Rc4 40. b6 Rb4 0-1

[Event "Toronto int."]
[Site "Toronto CAN"]
[Date "1997.05.18"]
[Round "4"]
[White "Schleifer, Michael"]
[Black "Gregorz, Ralph"]
[Result "1-0"]
[WhiteElo "2439"]
[BlackElo "2137"]
[PlyCount "47"]
[GameId "2160767911966032"]
[EventDate "1997.05.16"]
[EventType "swiss"]
[EventRounds "7"]
[EventCountry "CAN"]

1. d4 e6 2. e4 d5 3. exd5 exd5 4. Bd3 Nc6 5. c3 Bd6 6. Ne2 Nge7 7. Qc2 Be6 8. Nf4 Qd7 9. O-O Nd8 10. Re1 c6 11. Be3 g6 12. Nxe6 Nxe6 13. Nd2 Qc7 14. g3 O-O 15. Nf3 Rfe8 16. Re2 Kg7 17. Rae1 Ng8 18. Bc1 Nf6 19. Qd2 Nf8 20. Qh6+ Kg8 21. Bg5 Rxe2 22. Bxf6 Rxe1+ 23. Kg2 Ne6 24. Ng5 1-0

[Event "Toronto int."]
[Site "Toronto CAN"]
[Date "1997.05.18"]
[Round "4"]
[White "Vukadinov, Milan"]
[Black "Day, Lawrence"]
[Result "1/2-1/2"]
[WhiteElo "2390"]
[BlackElo "2486"]
[PlyCount "54"]
[GameId "2160767911966033"]
[EventDate "1997.05.16"]
[EventType "swiss"]
[EventRounds "7"]
[EventCountry "CAN"]

1. d4 Nc6 2. c4 e5 3. dxe5 Nxe5 4. e3 Nf6 5. Nc3 Bb4 6. Bd2 O-O 7. a3 Bxc3 8. Bxc3 Re8 9. Nf3 Ng6 10. Bxf6 Qxf6 11. Qd4 Qe7 12. g3 b6 13. Bg2 Bb7 14. O-O Rad8 15. Qc3 c5 16. Rfd1 d5 17. cxd5 Bxd5 18. Rd2 Bxf3 19. Bxf3 Rxd2 20. Qxd2 Qf6 21. Be2 Rd8 22. Qc2 Qe5 23. Rb1 Nf8 24. b3 g6 25. Rd1 Rxd1+ 26. Qxd1 Kg7 27. Bc4 Qf6 1/2-1/2

[Event "Toronto int."]
[Site "Toronto CAN"]
[Date "1997.05.18"]
[Round "4"]
[White "Ziatdinov, Raset"]
[Black "Kudrin, Sergey"]
[Result "1/2-1/2"]
[WhiteElo "2485"]
[BlackElo "2515"]
[PlyCount "38"]
[GameId "2160767911966034"]
[EventDate "1997.05.16"]
[EventType "swiss"]
[EventRounds "7"]
[EventCountry "CAN"]

1. e4 c5 2. Nf3 d6 3. d4 cxd4 4. Nxd4 Nf6 5. Nc3 g6 6. Be3 Bg7 7. f3 Nc6 8. Bc4 O-O 9. Qd2 Bd7 10. h4 h5 11. Nde2 Ne5 12. Bb3 b5 13. Bh6 a5 14. Bxg7 Kxg7 15. a4 b4 16. Nd5 Nxd5 17. exd5 Qb6 18. Nd4 Rac8 19. O-O-O Qc5 1/2-1/2

[Event "Toronto int."]
[Site "Toronto CAN"]
[Date "1997.05.18"]
[Round "5"]
[White "Boross-Harmer, Peter"]
[Black "Nash, Barry"]
[Result "1/2-1/2"]
[WhiteElo "2044"]
[BlackElo "2362"]
[PlyCount "47"]
[GameId "2160767911966035"]
[EventDate "1997.05.16"]
[EventType "swiss"]
[EventRounds "7"]
[EventCountry "CAN"]

1. d4 f5 2. Nf3 Nf6 3. c4 g6 4. g3 Bg7 5. Bg2 O-O 6. O-O d6 7. Qb3 Kh8 8. Rd1 Qe8 9. Nc3 c6 10. Ne1 e5 11. dxe5 dxe5 12. e4 Na6 13. Nd3 Qe7 14. Qa4 fxe4 15. Nxe4 Bf5 16. Bg5 Rad8 17. Qa5 h6 18. Bxf6 Bxf6 19. Ndc5 Nxc5 20. Qxc5 Bxe4 21. Qxe7 Bxe7 22. Bxe4 Bc5 23. Rxd8 Rxd8 24. Rc1 1/2-1/2

[Event "Toronto int."]
[Site "Toronto CAN"]
[Date "1997.05.18"]
[Round "5"]
[White "Campbell, Brett"]
[Black "Jung, Hans"]
[Result "1/2-1/2"]
[WhiteElo "2325"]
[BlackElo "2303"]
[PlyCount "51"]
[GameId "2160767911966036"]
[EventDate "1997.05.16"]
[EventType "swiss"]
[EventRounds "7"]
[EventCountry "CAN"]

1. Nf3 c5 2. g3 Nc6 3. Bg2 d5 4. O-O Bg4 5. h3 Bf5 6. d3 Qd7 7. Kh2 h6 8. Nbd2 Nf6 9. Qe1 Nd4 10. Nxd4 cxd4 11. Nf3 Bh7 12. Nxd4 e5 13. Nb3 e4 14. Be3 Bd6 15. Qd2 O-O 16. c4 dxc4 17. dxc4 Qe7 18. a3 Rfd8 19. Nd4 Nh5 20. Rfd1 Rac8 21. Rac1 Be5 22. Kg1 Rd6 23. c5 Rdd8 24. Qb4 f5 25. Qc4+ Kh8 26. Qe6 1/2-1/2

[Event "Toronto int."]
[Site "Toronto CAN"]
[Date "1997.05.18"]
[Round "5"]
[White "Day, Lawrence"]
[Black "Saleh, Maher"]
[Result "1-0"]
[WhiteElo "2486"]
[BlackElo "2368"]
[PlyCount "95"]
[GameId "2160767911966038"]
[EventDate "1997.05.16"]
[EventType "swiss"]
[EventRounds "7"]
[EventCountry "CAN"]

1. e4 Nf6 2. e5 Nd5 3. Nc3 Nxc3 4. bxc3 d6 5. f4 g6 6. d4 dxe5 7. fxe5 Bg7 8. Nf3 O-O 9. Bd3 c5 10. O-O Nc6 11. Be3 Bg4 12. Be4 Qa5 13. Qe1 Rad8 14. Rd1 cxd4 15. cxd4 Qxe1 16. Rfxe1 f5 17. Bd3 f4 18. Bc4+ Kh8 19. Bf2 Na5 20. Bb3 Rc8 21. Bh4 e6 22. Rc1 Nxb3 23. cxb3 Bxf3 24. gxf3 h6 25. Be7 Rfe8 26. Bd6 Bf8 27. Rxc8 Rxc8 28. Bxf8 Rxf8 29. Rc1 Kg7 30. Kf2 Rf7 31. Ke2 g5 32. Kd3 Kg6 33. Ke4 Rd7 34. Rc8 a6 35. a4 Kg7 36. b4 Kg6 37. b5 axb5 38. axb5 Rf7 39. Re8 g4 40. Rg8+ Kh5 41. Rxg4 Rc7 42. Rxf4 Rc2 43. h3 Rb2 44. Rf6 Rxb5 45. Rxe6 Rb1 46. d5 Re1+ 47. Kf5 Rd1 48. Rd6 1-0

[Event "Toronto int."]
[Site "Toronto CAN"]
[Date "1997.05.18"]
[Round "5"]
[White "Heringer, Chris"]
[Black "Kamberi, Sonny"]
[Result "1-0"]
[WhiteElo "2230"]
[BlackElo "2318"]
[PlyCount "80"]
[GameId "2160767911966039"]
[EventDate "1997.05.16"]
[EventType "swiss"]
[EventRounds "7"]
[EventCountry "CAN"]

1. g3 e5 2. c4 Nc6 3. Bg2 d6 4. Nc3 g6 5. e4 Bg7 6. Nge2 Nge7 7. O-O Be6 8. d3 O-O 9. Nd5 Qd7 10. Bh6 Nd8 11. Bxg7 Kxg7 12. f4 f5 13. Qd2 c6 14. Nxe7 Qxe7 15. Qc3 Nf7 16. g4 Kg8 17. gxf5 gxf5 18. Kh1 c5 19. Rg1 Kh8 20. exf5 Bxf5 21. Ng3 Qd7 22. Nxf5 Qxf5 23. Raf1 Qd7 24. b4 cxb4 25. Qxb4 exf4 26. Qc3+ Ne5 27. d4 Ng6 28. Be4 Qg7 29. Qd3 Rf6 30. Rg5 Raf8 31. Rf3 Qh6 32. Rg4 Qh5 33. Rg1 Nh4 34. Rf2 b6 35. Qh3 Rg8 36. Rxg8+ Kxg8 37. Rg2+ Rg6 38. Bxg6 hxg6 39. Qe6+ Kg7 40. Rg4 Nf5 1-0

[Event "Toronto int."]
[Site "Toronto CAN"]
[Date "1997.05.18"]
[Round "5"]
[White "Hua, Lefong"]
[Black "Spraggett, Grant"]
[Result "0-1"]
[WhiteElo "2276"]
[BlackElo "2432"]
[PlyCount "94"]
[GameId "2160767911966040"]
[EventDate "1997.05.16"]
[EventType "swiss"]
[EventRounds "7"]
[EventCountry "CAN"]

1. d4 Nf6 2. c4 c5 3. d5 b5 4. cxb5 a6 5. b6 a5 6. Nc3 Ba6 7. e4 Bxf1 8. Kxf1 d6 9. a4 Qxb6 10. Nf3 Nbd7 11. h3 g6 12. Kg1 Bg7 13. Kh2 O-O 14. Nd2 Ne8 15. f4 Nc7 16. Nc4 Qb7 17. Qd3 Nb6 18. b3 f5 19. Bd2 fxe4 20. Qxe4 Nbxd5 21. Nxa5 Rxa5 22. Nxd5 Qxd5 23. Qxd5+ Nxd5 24. Bxa5 Bxa1 25. Rxa1 Rb8 26. Rb1 Nxf4 27. b4 cxb4 28. Rxb4 Ra8 29. Bc7 Ne6 30. Bb6 Nf8 31. Bf2 Kf7 32. Rf4+ Ke6 33. a5 Nd7 34. Ra4 Ra6 35. Re4+ Ne5 36. Be1 d5 37. Rh4 h5 38. Rb4 Nc4 39. Kg3 Kd6 40. Kf4 e5+ 41. Kg5 Kc5 42. h4 d4 43. Rb8 Kd5 44. Rg8 d3 45. Rxg6 Rxg6+ 46. Kxg6 e4 47. Kg5 e3 0-1

[Event "Toronto int."]
[Site "Toronto CAN"]
[Date "1997.05.18"]
[Round "5"]
[White "Hum, Peter"]
[Black "Ruiz, Richard"]
[Result "1/2-1/2"]
[WhiteElo "2237"]
[BlackElo "2151"]
[PlyCount "44"]
[GameId "2160767911966041"]
[EventDate "1997.05.16"]
[EventType "swiss"]
[EventRounds "7"]
[EventCountry "CAN"]

1. d4 Nf6 2. c4 e6 3. Nc3 Bb4 4. e3 O-O 5. Bd3 d5 6. a3 Bxc3+ 7. bxc3 dxc4 8. Bxc4 c6 9. Nf3 Qa5 10. Qc2 b6 11. O-O Ba6 12. Bxa6 Nxa6 13. e4 h6 14. e5 Nh7 15. Bd2 Qd5 16. Qa4 Nc7 17. c4 Qd7 18. Rfc1 Rfc8 19. Be3 Nf8 20. Nd2 c5 21. Qxd7 Nxd7 22. dxc5 Nxc5 1/2-1/2

[Event "Toronto int."]
[Site "Toronto CAN"]
[Date "1997.05.18"]
[Round "5"]
[White "Ilic, Stanimir"]
[Black "Djerkovic, Miladin"]
[Result "1-0"]
[WhiteElo "2329"]
[BlackElo "2388"]
[PlyCount "131"]
[GameId "2160767911966042"]
[EventDate "1997.05.16"]
[EventType "swiss"]
[EventRounds "7"]
[EventCountry "CAN"]

1. d4 Nf6 2. c4 g6 3. Nc3 Bg7 4. e4 d6 5. f3 O-O 6. Be3 Nc6 7. Nge2 a6 8. Qd2 Rb8 9. h4 h5 10. d5 Ne5 11. Nd4 c5 12. Nb3 e6 13. Bg5 exd5 14. Nxd5 Be6 15. Ne3 Qc7 16. Be2 b5 17. Rc1 bxc4 18. Bxc4 Bxc4 19. Nxc4 Nxc4 20. Rxc4 Nd7 21. O-O Ne5 22. Rc2 Rb6 23. Rd1 Rfb8 24. Kh1 Rb5 25. Nd4 R5b6 26. Ne2 Qb7 27. b3 Nc6 28. Be3 Nb4 29. Rc4 a5 30. Nc3 Nc6 31. Na4 Ra6 32. f4 Nd4 33. e5 Qe7 34. Bf2 Nf5 35. Qe1 dxe5 36. Nxc5 Rc6 37. fxe5 Rbc8 38. Rd5 Re8 39. Rd7 Qf8 40. Nd3 Rxc4 41. bxc4 Qa3 42. Qe2 Qc3 43. Qe4 Qa1+ 44. Kh2 Bxe5+ 45. Nxe5 Qxe5+ 46. Qxe5 Rxe5 47. c5 Ne7 48. Rd8+ Kh7 49. Ra8 Nc6 50. Ra6 Re6 51. Bg3 Kg7 52. Bd6 Nd4 53. Rxa5 Nf5 54. Bg3 Ne3 55. Bf4 Nf5 56. g3 Re2+ 57. Kg1 Rc2 58. Kf1 Kf8 59. Ke1 Ke7 60. Kd1 Rc4 61. Kd2 Kd7 62. Kd3 Rd4+ 63. Kc3 Kc6 64. Ra6+ Kxc5 65. Ra5+ Kb6 66. Rxf5 1-0

[Event "Toronto int."]
[Site "Toronto CAN"]
[Date "1997.05.18"]
[Round "5"]
[White "Kiviaho, Robert"]
[Black "Krupka, David"]
[Result "1-0"]
[WhiteElo "2331"]
[BlackElo "2300"]
[PlyCount "105"]
[GameId "2160767911966043"]
[EventDate "1997.05.16"]
[EventType "swiss"]
[EventRounds "7"]
[EventCountry "CAN"]

1. e4 c6 2. d4 d5 3. Nc3 dxe4 4. Nxe4 Nf6 5. Nxf6+ exf6 6. Be3 Bd6 7. Qd2 O-O 8. Ne2 Re8 9. O-O-O a5 10. d5 c5 11. Nc3 Bd7 12. Nb5 Bxb5 13. Bxb5 Re7 14. Bf4 Na6 15. Rhe1 Rxe1 16. Rxe1 Bxf4 17. Qxf4 Nc7 18. Be2 Nxd5 19. Qc4 Nb4 20. a3 Na6 21. Bf3 Qd7 22. Qd5 Qxd5 23. Bxd5 Nc7 24. Bxb7 Rb8 25. Bc6 Kf8 26. Rd1 Ne6 27. Rd7 Rd8 28. Rxd8+ Nxd8 29. Bf3 Ke7 30. Kd2 Kd6 31. Kd3 Ne6 32. c3 f5 33. Kc4 g5 34. Kb5 Nf4 35. Kxa5 g4 36. Ba8 Nd3 37. b4 Nxf2 38. Kb6 cxb4 39. cxb4 Nd3 40. Kb5 h5 41. a4 f4 42. a5 h4 43. a6 f3 44. gxf3 g3 45. hxg3 hxg3 46. f4 Nxf4 47. a7 Ne6 48. Bg2 f5 49. a8=Q Nc7+ 50. Kc4 Nxa8 51. Bxa8 f4 52. b5 Kc7 53. Kc5 1-0

[Event "Toronto int."]
[Site "Toronto CAN"]
[Date "1997.05.18"]
[Round "5"]
[White "Kudrin, Sergey"]
[Black "Livshits, Ron"]
[Result "1/2-1/2"]
[WhiteElo "2515"]
[BlackElo "2485"]
[PlyCount "58"]
[GameId "2160767911966044"]
[EventDate "1997.05.16"]
[EventType "swiss"]
[EventRounds "7"]
[EventCountry "CAN"]

1. e4 c6 2. d4 d5 3. Nc3 dxe4 4. Nxe4 Nd7 5. Ng5 Ngf6 6. Bd3 e6 7. N1f3 Bd6 8. Qe2 h6 9. Ne4 Nxe4 10. Qxe4 Nf6 11. Qe2 Qc7 12. Bd2 b6 13. O-O-O Bb7 14. Kb1 c5 15. dxc5 Qxc5 16. Bb5+ Ke7 17. Be3 Qc7 18. Nd4 Rhd8 19. Nf5+ Kf8 20. Nxd6 Rxd6 21. Bd2 Rd4 22. f3 Rad8 23. Bd3 Nd5 24. g3 Ne7 25. Be3 Nf5 26. Bf2 R4d5 27. Rhe1 Nd4 28. Bxd4 Rxd4 29. c3 R4d7 1/2-1/2

[Event "Toronto int."]
[Site "Toronto CAN"]
[Date "1997.05.18"]
[Round "5"]
[White "Linskiy, Oleg"]
[Black "Gurevich, Dmitry"]
[Result "0-1"]
[WhiteElo "2415"]
[BlackElo "2580"]
[PlyCount "148"]
[GameId "2160767911966045"]
[EventDate "1997.05.16"]
[EventType "swiss"]
[EventRounds "7"]
[EventCountry "CAN"]

1. d4 Nf6 2. Nf3 e6 3. e3 c5 4. Bd3 b6 5. b3 Bb7 6. O-O Be7 7. Bb2 O-O 8. Nbd2 Nc6 9. a3 Rc8 10. Qe2 Qc7 11. c4 cxd4 12. exd4 d5 13. Ne5 dxc4 14. Bxc4 Qd6 15. Nxc6 Qxc6 16. f3 Bd6 17. Bd3 Bf4 18. Nc4 Qc7 19. g3 Bh6 20. Ne5 g6 21. Rae1 Qd6 22. Nc4 Qd8 23. Ne5 Rc7 24. Bc4 Bd5 25. Qd3 Qc8 26. Rf2 Rd8 27. Rfe2 Bg7 28. Bb5 Ne8 29. Ba6 Bb7 30. Bxb7 Qxb7 31. f4 Nd6 32. h3 Nf5 33. Kh2 Qd5 34. Rd2 Ne7 35. Ree2 Nc6 36. Rd1 Nxe5 37. fxe5 Bxe5 38. Rxe5 Qxe5 39. dxe5 Rxd3 40. Rxd3 Rc2+ 41. Kg1 Rxb2 42. Kf1 h5 43. h4 Kg7 44. a4 a6 45. Rf3 b5 46. axb5 axb5 47. Ke1 Rc2 48. Kf1 Rd2 49. Ke1 Rd4 50. Re3 g5 51. hxg5 Kg6 52. Ke2 Kxg5 53. Rf3 Kg6 54. Re3 Rd7 55. Rf3 Rd5 56. Re3 Kg5 57. Kf2 b4 58. Re4 Rc5 59. Rxb4 Rxe5 60. Kf3 Rc5 61. Rb8 Rc3+ 62. Kg2 h4 63. gxh4+ Kxh4 64. b4 Kg4 65. Rg8+ Kf4 66. b5 Rb3 67. Rb8 Rb2+ 68. Kf1 f5 69. b6 e5 70. b7 e4 71. Kg1 e3 72. Kh1 e2 73. Re8 Kf3 74. Re5 Rxb7 0-1

[Event "Toronto int."]
[Site "Toronto CAN"]
[Date "1997.05.18"]
[Round "5"]
[White "Milicevic, Goran"]
[Black "Nickoloff, Bryon"]
[Result "1-0"]
[WhiteElo "2380"]
[BlackElo "2475"]
[PlyCount "65"]
[GameId "2160767911966046"]
[EventDate "1997.05.16"]
[EventType "swiss"]
[EventRounds "7"]
[EventCountry "CAN"]

1. d4 d5 2. Nf3 c5 3. c3 cxd4 4. cxd4 Nc6 5. Nc3 Nf6 6. Bf4 Ne4 7. e3 Nxc3 8. bxc3 g6 9. Bd3 Bg7 10. O-O O-O 11. c4 dxc4 12. Bxc4 Bf5 13. Qe2 Rc8 14. Rac1 Na5 15. Bd3 Bxd3 16. Qxd3 Qd7 17. Qa3 b6 18. Qb4 Rxc1 19. Rxc1 Rc8 20. Rxc8+ Qxc8 21. h3 Bf8 22. Qb5 Nc4 23. d5 a6 24. Qc6 Qxc6 25. dxc6 b5 26. Ne5 Nb6 27. Nd7 Nc8 28. Bc7 f6 29. Nb8 e5 30. Bd8 Na7 31. c7 Kf7 32. Nd7 Nc8 33. Nxf6 1-0

[Event "Toronto int."]
[Site "Toronto CAN"]
[Date "1997.05.18"]
[Round "5"]
[White "Schleifer, Michael"]
[Black "Filipovich, David"]
[Result "1/2-1/2"]
[WhiteElo "2439"]
[BlackElo "2332"]
[PlyCount "62"]
[GameId "2160767911966048"]
[EventDate "1997.05.16"]
[EventType "swiss"]
[EventRounds "7"]
[EventCountry "CAN"]

1. d4 d5 2. Nf3 c6 3. c4 Nf6 4. Nc3 dxc4 5. a4 Bg4 6. Ne5 Bh5 7. Nxc4 Na6 8. Qb3 e6 9. Bg5 Nb4 10. Rd1 h6 11. Bh4 g5 12. Bg3 Bg6 13. Rd2 Nh5 14. e4 Nxg3 15. hxg3 Qe7 16. Ne5 Bh7 17. Bc4 Bg7 18. f4 O-O 19. Ng4 Rad8 20. Nxh6+ Kh8 21. e5 a5 22. Ne2 Bxh6 23. Rxh6 Kg7 24. Rf6 g4 25. f5 Bxf5 26. Qe3 Rh8 27. Qg5+ Kf8 28. Nf4 Rxd4 29. Nxe6+ Bxe6 30. Bxe6 Rh7 31. Rxd4 Nc2+ 1/2-1/2

[Event "Toronto int."]
[Site "Toronto CAN"]
[Date "1997.05.18"]
[Round "5"]
[White "Teodoro, Eduardo"]
[Black "Ziatdinov, Raset"]
[Result "1/2-1/2"]
[WhiteElo "2440"]
[BlackElo "2485"]
[PlyCount "150"]
[GameId "2160767911966049"]
[EventDate "1997.05.16"]
[EventType "swiss"]
[EventRounds "7"]
[EventCountry "CAN"]

1. e4 e5 2. Nf3 Nc6 3. Bb5 a6 4. Ba4 Nf6 5. O-O Be7 6. Re1 b5 7. Bb3 d6 8. c3 Bg4 9. d4 Bxf3 10. gxf3 Na5 11. f4 Nxb3 12. Qxb3 Qc8 13. Qd1 Qh3 14. Qe2 h5 15. Qe3 Qxe3 16. Bxe3 Nxe4 17. fxe5 dxe5 18. dxe5 O-O-O 19. a4 Nc5 20. Bxc5 Bxc5 21. axb5 axb5 22. b4 Bb6 23. Ra2 Kb7 24. Na3 Ra8 25. Ree2 c6 26. c4 bxc4 27. Nxc4 Rxa2 28. Rxa2 Bc7 29. Rd2 Kc8 30. Kg2 Rh6 31. f4 Rg6+ 32. Kf3 Rg1 33. f5 Rg5 34. Ke4 Rg4+ 35. Kd3 Rf4 36. Rg2 Rxf5 37. Rxg7 Kd7 38. Ke4 Ke6 39. Rg8 Rf2 40. Re8+ Kd7 41. Rf8 Bd8 42. Nd6 Rxh2 43. Rxf7+ Ke6 44. b5 Re2+ 45. Kf3 Rxe5 46. bxc6 Rc5 47. Rd7 Rc3+ 48. Ke4 Bb6 49. Nc8 Bc5 50. Rh7 h4 51. Rh6+ Kf7 52. c7 Kg7 53. Rc6 h3 54. Nd6 h2 55. Nf5+ Kf7 56. Rh6 Bg1 57. Nd6+ Kg7 58. Rh4 Kg6 59. c8=Q Rxc8 60. Nxc8 Kg5 61. Rh7 Kg4 62. Nd6 Kg3 63. Nf5+ Kg2 64. Rg7+ Kf2 65. Ng3 Kg2 66. Nf5+ Kf2 67. Ng3 Kg2 68. Kf4 Bd4 69. Rg4 h1=Q 70. Nxh1+ Kxh1 71. Kf3 Bc5 72. Rg5 Ba3 73. Kf2 Bd6 74. Rg6 Bb8 75. Rc6 Ba7+ 1/2-1/2

[Event "Toronto int."]
[Site "Toronto CAN"]
[Date "1997.05.18"]
[Round "5"]
[White "Turtel, Evan"]
[Black "Ciaffone, Robert"]
[Result "1-0"]
[WhiteElo "2111"]
[BlackElo "2305"]
[PlyCount "79"]
[GameId "2160767911966050"]
[EventDate "1997.05.16"]
[EventType "swiss"]
[EventRounds "7"]
[EventCountry "CAN"]

1. e4 c5 2. Nf3 d6 3. d4 cxd4 4. Nxd4 Nc6 5. c4 Nf6 6. Nc3 g6 7. Be2 Bg7 8. Be3 O-O 9. O-O a6 10. Nb3 b6 11. f4 Bb7 12. Rc1 Nd7 13. Qe1 Rb8 14. Qf2 Ba8 15. Rfd1 Re8 16. a4 Qc7 17. Nd5 Qb7 18. Bf3 e6 19. Nc3 Qc7 20. Nd4 Nc5 21. Nxc6 Bxc6 22. a5 bxa5 23. Bxc5 dxc5 24. Qxc5 Bf8 25. Qe3 Rxb2 26. Nd5 Qd8 27. Qc3 exd5 28. Qxb2 d4 29. c5 d3 30. Qc3 Bb5 31. e5 Qc7 32. Be4 Rc8 33. Bxd3 Bxc5+ 34. Kh1 Bb6 35. Qb2 Qd7 36. Bxg6 Rxc1 37. Qxc1 Qb7 38. Bf5 a4 39. Qc3 Bc6 40. Qg3+ 1-0

[Event "Toronto int."]
[Site "Toronto CAN"]
[Date "1997.05.18"]
[Round "5"]
[White "Vranesic, Zvonko"]
[Black "Findlay, Ian"]
[Result "1/2-1/2"]
[WhiteElo "2348"]
[BlackElo "2435"]
[PlyCount "31"]
[GameId "2160767911966051"]
[EventDate "1997.05.16"]
[EventType "swiss"]
[EventRounds "7"]
[EventCountry "CAN"]

1. d4 Nf6 2. c4 e6 3. Nf3 d5 4. Nc3 Be7 5. Bg5 O-O 6. e3 h6 7. Bh4 b6 8. cxd5 Nxd5 9. Bxe7 Qxe7 10. Nxd5 exd5 11. Be2 Be6 12. O-O c5 13. dxc5 bxc5 14. Qa4 Rc8 15. Rac1 Nd7 16. Qa3 1/2-1/2